Effects of fluid inertia on the dynamics of polymers in dilute solutions (Запись № 2825837)

Подробности
000 -МАРКЕР
контрольное поле 01366nam0a2200313 4500
001 - ИДЕНТИФИКАТОР ЗАПИСИ
контрольное поле RU\NLR\b_ik\110615
005 - ИДЕНТИФИКАТОР ВЕРСИИ
контрольное поле 20250616225323.0
035 ## - ДРУГИЕ СИСТЕМНЫЕ НОМЕРА
Идентификатор записи (NLR Aleph) 002184336
100 ## - ДАННЫЕ ОБЩЕЙ ОБРАБОТКИ
Данные общей обработки 20040413d2003 |||y0rusy50 ca
101 0# - ЯЗЫК РЕСУРСА
Язык текста, звукозаписи и т.д. английский
Язык резюме русский
102 ## - СТРАНА ПУБЛИКАЦИИ ИЛИ ПРОИЗВОДСТВА
Страна публикации российская федерация
105 ## - ПОЛЕ КОДИРОВАННЫХ ДАННЫХ: ТЕКСТОВЫЕ МАТЕРИАЛЫ, МОНОГРАФИЧЕСКИЕ
Кодированные данные о монографическом текстовом документе y |||||||||
200 1# - ЗАГЛАВИЕ И СВЕДЕНИЯ ОБ ОТВЕТСТВЕННОСТИ
Основное заглавие Effects of fluid inertia on the dynamics of polymers in dilute solutions
Первые сведения об ответственности V. Lisy, J. Tothova, A.V. Zatovsky
210 ## - ПУБЛИКАЦИЯ, РАСПРОСТРАНЕНИЕ И ДР.
Место издания, распространения и т.д. Дубна
Имя издателя, распространителя и т. д. Объед. ин-т ядер. исслед.
Дата издания, распространения и т.д. 2003
215 ## - ФИЗИЧЕСКАЯ ХАРАКТЕРИСТИКА
Специфическое обозначение материала и объем 11 с.
Размеры 22
225 1# - СЕРИЯ
Основное заглавие серии Сообщения Объединенного института ядерных исследований, Дубна
Обозначение тома Е17-2003-153
300 ## - ОБЩИЕ ПРИМЕЧАНИЯ
Текст примечания На 3-й с. обл.: Влияние инерционных свойств жидкости на динимику полимеров в разбавленных растворах / Лисы В., Тотова Й., Затовский А.В.
300 ## - ОБЩИЕ ПРИМЕЧАНИЯ
Текст примечания Рез. на рус. яз
320 ## - ПРИМЕЧАНИЯ О НАЛИЧИИ В ДОКУМЕНТЕ БИБЛИОГРАФИИ / УКАЗАТЕЛЯ
Текст примечания Библиогр.: с. 11
606 0# - НАИМЕНОВАНИЕ ТЕМЫ КАК ПРЕДМЕТ
Наименование темы Полимеры
Тематический подзаголовок Растворы разбавленные
-- Течение
Системный номер авторитетной/нормативной записи 2013940
Идентификатор авторитетной/нормативной записи RU\NLR\AUTH\66926296
686 4# - ИНДЕКСЫ ДРУГИХ КЛАССИФИКАЦИЙ
Индекс Г713.61
700 #1 - ИМЯ ЛИЦА - ПЕРВИЧНАЯ ОТВЕТСТВЕННОСТЬ
Начальный элемент ввода Lisy
Часть имени, кроме начального элемента ввода V.
Расширение инициалов личного имени V
Код отношения Автор
701 #1 - ИМЯ ЛИЦА - АЛЬТЕРНАТИВНАЯ ОТВЕТСТВЕННОСТЬ
Начальный элемент ввода Tothova
Часть имени, кроме начального элемента ввода J.
Расширение инициалов личного имени J
Код отношения Автор
701 #1 - ИМЯ ЛИЦА - АЛЬТЕРНАТИВНАЯ ОТВЕТСТВЕННОСТЬ
Начальный элемент ввода Zatovskij
Часть имени, кроме начального элемента ввода A. V.
Расширение инициалов личного имени A.V.
Код отношения Автор
801 #0 - ИСТОЧНИК ЗАПИСИ
Страна российская федерация
Организация NLR
Дата составления 20040413
Правила каталогизации PSBO
942 ## - ДОПОЛНИТЕЛЬНЫЕ ЭЛЕМЕНТЫ ЗАПИСИ (АБИС)
Тип экземпляра АБИС Книга
980 ## - КОЛЛЕКЦИЯ
Название коллекции Национальная библиография
Экземпляры
Тип экземпляра Дата поступления Источник поступления Библиотека постоянного хранения Библиотека текущего хранения Место хранения Шифр хранения Штрих-код Статус не для выдачи Публичное примечание
Книга 13.04.2004 Обязательный экземпляр РНБ (Московский) РНБ (Московский) Иностранный книжный фонд Ик 2004-6/19 1022312   ;